[Event "AUTO-OPEN-1319"]
[Site "http://www.queenalice.com/game.php?id=484877"]
[Date "2008.10.29"]
[Round "1"]
[White "SRIVERO"]
[Black "crister"]
[Result "1/2-1/2"]
[WhiteElo "1591"]
[BlackElo "1800"]

1. d4 d5 2. c4 Nf6 3. Nc3 e6 4. Nf3 Be7 5. e3 O-O 6. Qc2 Nbd7 7. Bd3 c6 8. Bd2
dxc4 9. Bxc4 Nb6 10. Bd3 Nbd5 11. Ng5 g6 12. h4 Nxc3 13. bxc3 Nh5 14. g4 Ng7 15.
Nxh7 Kxh7 16. h5 f5 17. hxg6+ Kxg6 18. O-O-O Kf7 19. Rh7 Rh8 20. Rdh1 Rxh7 21.
Rxh7 Qg8 22. gxf5 exf5 23. Bc4+ Be6 24. Qxf5+ Ke8 25. Qg6+ Kf8 26. Bxe6 Nxe6 27.
Qh6+ Ng7 28. Rh8 Kf7 29. Rxg8 Rxg8 30. c4 Ne6 31. Qh7+ Rg7 32. Qf5+ Bf6 33. Bb4
b6 34. d5 cxd5 35. cxd5 Nc5 36. Bxc5 bxc5 37. d6 Rg5 38. Qd7+ Kg6 39. Qe8+ Kf5
40. e4+ Kg4 41. d7 Re5 42. Qg6+ Bg5+ 43. Kc2 Kf4 44. Qxg5+ Kxg5 45. d8=Q+ Kg4
46. Qd7+ Kf3 47. Qxa7 Kxf2 48. Qf7+ Ke3 49. Qf5 Rxe4 50. Qxe4+ Kxe4 51. Kc3 Kd5
52. a4 Kc6 53. Kc4 Kb6 54. a5+ 1/2-1/2

[Event "AUTO-OPEN-1319"]
[Site "http://www.queenalice.com/game.php?id=484878"]
[Date "2008.10.29"]
[Round "1"]
[White "crister"]
[Black "SRIVERO"]
[Result "1-0"]
[WhiteElo "1786"]
[BlackElo "1580"]

1. e4 d5 2. e5 Nd7 3. d4 e6 4. Nf3 c5 5. c3 cxd4 6. cxd4 Bb4+ 7. Nc3 Qc7 8. Bd2
Bxc3 9. Bxc3 b6 10. Be2 Bb7 11. O-O Nh6 12. Bb5 Bc6 13. Bxc6 Qxc6 14. a4 a5 15.
Qe2 Nf5 16. Qb5 Qxb5 17. axb5 a4 18. Bb4 Rc8 19. Rxa4 f6 20. Rfa1 Rg8 21. Ra8
Rxa8 22. Rxa8+ Kf7 23. Ra7 Rd8 24. g4 Ne7 25. g5 fxe5 26. Nxe5+ Ke8 27. Bxe7
Kxe7 28. Nc6+ Ke8 29. Nxd8 Kxd8 30. h4 e5 31. dxe5 Nxe5 32. Rxg7 Nf3+ 33. Kf1
Nxh4 34. Rxh7 Nf3 35. g6 Ke8 36. Rb7 Nd2+ 37. Ke2 Nc4 38. b3 1-0

[Event "AUTO-OPEN-1319"]
[Site "http://www.queenalice.com/game.php?id=484899"]
[Date "2008.10.29"]
[Round "1"]
[White "Kasparov1"]
[Black "crister"]
[Result "1-0"]
[WhiteElo "1761"]
[BlackElo "1792"]

1. d4 d5 2. Nc3 c6 3. e4 dxe4 4. Nxe4 e5 5. dxe5 Qxd1+ 6. Kxd1 Bf5 7. Ng3 Bg6 8.
h4 Bc5 9. h5 Bxf2 10. hxg6 Bxg3 11. Rxh7 fxg6 12. Rxh8 Kf7 13. Bc4+ 1-0

[Event "AUTO-OPEN-1319"]
[Site "http://www.queenalice.com/game.php?id=484900"]
[Date "2008.10.29"]
[Round "1"]
[White "crister"]
[Black "Kasparov1"]
[Result "0-1"]
[WhiteElo "1753"]
[BlackElo "1868"]

1. e4 e6 2. e5 d6 3. f4 dxe5 4. fxe5 Qh4+ 5. g3 Qe4+ 6. Qe2 Qxh1 7. Nf3 Bd7 8.
Nc3 Bc5 9. d4 Bc6 10. d5 exd5 11. Nb5 Na6 12. Bf4 Kf8 13. O-O-O Bxb5 14. Qxb5
Qxf3 15. Qxb7 Rb8 16. Qxa6 Be3+ 17. Bxe3 Qxe3+ 18. Kb1 Qxe5 19. b3 Nf6 20. Qxa7
c6 21. Qc5+ Kg8 22. Qxc6 Ne4 23. Rxd5 Nc3+ 0-1

[Event "AUTO-OPEN-1319"]
[Site "http://www.queenalice.com/game.php?id=484913"]
[Date "2008.10.29"]
[Round "1"]
[White "crister"]
[Black "fael666"]
[Result "1-0"]
[WhiteElo "1749"]
[BlackElo "1260"]

1. e4 d6 2. d4 e6 3. Nf3 h6 4. Be2 Nc6 5. O-O Nf6 6. Nc3 Ng4 7. d5 h5 8. Bg5 f6
9. Bc1 Nb8 10. Nh4 c6 11. Ng6 Rh6 12. Nxf8 Kxf8 13. Bxh6 Nxh6 14. Bxh5 f5 15.
dxe6 Bxe6 16. exf5 Bxf5 17. Qf3 Qb6 18. Qg3 Ke7 19. Rfe1+ Kd8 20. Qxg7 Bxc2 21.
Re8# 1-0

[Event "AUTO-OPEN-1319"]
[Site "http://www.queenalice.com/game.php?id=484914"]
[Date "2008.10.29"]
[Round "1"]
[White "fael666"]
[Black "crister"]
[Result "0-1"]
[WhiteElo "1254"]
[BlackElo "1751"]

1. e3 d5 2. c3 e5 3. Nf3 e4 4. Ng1 Nf6 5. f3 Be7 6. d4 O-O 7. h3 c5 8. Na3 cxd4
9. exd4 Bxa3 10. bxa3 Nc6 11. Ne2 exf3 12. gxf3 Bf5 13. Rg1 Nh5 14. Qd2 Qh4+ 15.
Kd1 Bg6 16. Bb2 Na5 17. c4 Nxc4 18. Qb4 Nxb2+ 19. Qxb2 Bd3 20. Qxb7 Bxe2+ 21.
Kxe2 Rfe8+ 22. Kd2 Qf2+ 23. Be2 Qxe2+ 24. Kc3 Rec8+ 25. Kb3 Rab8 26. Qb4 Rxb4+
27. Kxb4 Qb2+ 28. Ka4 Rc4+ 29. Ka5 Qb6# 0-1

[Event "AUTO-ADV-1089"]
[Site "http://www.queenalice.com/game.php?id=485078"]
[Date "2008.10.29"]
[Round "1"]
[White "crister"]
[Black "pedone"]
[Result "0-1"]
[WhiteElo "1742"]
[BlackElo "1788"]

1. e4 c6 2. d4 d5 3. e5 Bf5 4. Nf3 e6 5. Be2 c5 6. O-O h6 7. Nbd2 a6 8. c3 Nc6
9. b3 Qb6 10. a4 cxd4 11. cxd4 Nxd4 12. Nxd4 Qxd4 13. Ba3 Bxa3 14. Rxa3 Qxe5 15.
Nf3 Qb2 16. Ra1 Ne7 17. Nh4 Bc2 18. Qd2 Qxb3 19. Nf3 Bh7 20. Ne5 Rc8 21. Qa5 Qb2
22. Nxf7 Kxf7 23. Bh5+ Kf6 24. Qe1 Rc7 25. Qe3 Qe5 26. Qb6 Rc6 0-1

[Event "AUTO-ADV-1089"]
[Site "http://www.queenalice.com/game.php?id=485080"]
[Date "2008.10.29"]
[Round "1"]
[White "crister"]
[Black "faver_154"]
[Result "1-0"]
[WhiteElo "1786"]
[BlackElo "1852"]

1. e4 c5 2. Nf3 Nf6 3. e5 Nd5 4. c3 Nc6 5. Bb5 g6 6. d4 cxd4 7. cxd4 Qa5+ 8. Bd2
Qxb5 9. Nc3 Nxc3 10. Bxc3 Bg7 11. a4 Qa6 12. d5 O-O 13. dxc6 bxc6 14. Qc2 d5 15.
Bd4 Bf5 16. Qc5 1-0

[Event "AUTO-ADV-1089"]
[Site "http://www.queenalice.com/game.php?id=485081"]
[Date "2008.10.29"]
[Round "1"]
[White "faver_154"]
[Black "crister"]
[Result "0-1"]
[WhiteElo "1872"]
[BlackElo "1766"]

1. e4 e5 2. Nf3 d6 3. Bc4 Bg4 4. Nc3 Nf6 5. d4 Nbd7 6. Be3 Be7 7. h3 Bxf3 8.
Qxf3 c6 9. O-O b5 10. Bb3 O-O 11. d5 Qc7 12. dxc6 Nb6 13. Nd5 Nbxd5 14. Bxd5
Nxd5 15. exd5 a6 0-1

[Event "AUTO-ADV-1228"]
[Site "http://www.queenalice.com/game.php?id=543960"]
[Date "2009.2.21"]
[Round "1"]
[White "crister"]
[Black "Antunesbruno"]
[Result "1-0"]
[WhiteElo "1786"]
[BlackElo "1792"]

1. e4 e6 2. d4 d5 3. e5 c5 4. Nf3 Nc6 5. Bb5 Bd7 6. O-O Qb6 7. Bxc6 Bxc6 8. c3
O-O-O 9. b3 Ne7 10. Bg5 Rd7 11. Nbd2 Nf5 12. Bh4 h6 13. Bg3 Nxg3 14. fxg3 Be7
15. Ne1 cxd4 16. cxd4 Qxd4+ 17. Kh1 Bb5 18. Nef3 Qb4 19. Re1 Kb8 20. a3 Qa5 21.
b4 Qb6 22. a4 1-0

[Event "AUTO-ADV-1228"]
[Site "http://www.queenalice.com/game.php?id=543961"]
[Date "2009.2.21"]
[Round "1"]
[White "Antunesbruno"]
[Black "crister"]
[Result "0-1"]
[WhiteElo "1810"]
[BlackElo "1768"]

1. d4 d5 2. c4 e6 3. Nc3 Bb4 4. Qb3 Bxc3+ 5. Qxc3 Nf6 6. Bg5 O-O 7. Nf3 Nbd7 8.
e3 Qe8 9. Bd3 Ne4 10. Bxe4 dxe4 11. Nd2 f5 12. O-O Nf6 13. f3 a5 14. Bxf6 Rxf6
15. fxe4 Bd7 16. exf5 exf5 17. Rae1 Qg6 18. Rf3 b6 19. Ref1 Raf8 20. d5 c6 21.
e4 fxe4 22. Rxf6 Rxf6 0-1

[Event "AUTO-ADV-1228"]
[Site "http://www.queenalice.com/game.php?id=543964"]
[Date "2009.2.21"]
[Round "1"]
[White "crister"]
[Black "mrhooper"]
[Result "0-1"]
[WhiteElo "1778"]
[BlackElo "1940"]

1. e4 c5 2. Nf3 Nc6 3. Be2 Nf6 4. O-O Nxe4 5. d4 cxd4 6. Nxd4 d5 7. Bb5 Bd7 8.
Be3 e5 9. Nf3 d4 10. Bd2 a6 11. Bxc6 Bxc6 12. c3 Bc5 13. b4 Ba7 14. Nxe5 O-O 15.
Nxc6 bxc6 16. c4 Qf6 17. Na3 Rfe8 18. c5 a5 19. Nc4 axb4 20. Bxb4 Nxc5 21. a3
Ne4 22. Ra2 c5 23. Be1 Qe6 24. Qd3 Nf6 25. Bd2 Bb8 26. a4 Qe4 27. Qb3 Bc7 28.
Bg5 Nd5 29. Nd2 Qf5 30. Bh4 Nc3 31. Raa1 Reb8 32. Qc4 Rb4 0-1

[Event "AUTO-ADV-1228"]
[Site "http://www.queenalice.com/game.php?id=543965"]
[Date "2009.2.21"]
[Round "1"]
[White "mrhooper"]
[Black "crister"]
[Result "1-0"]
[WhiteElo "1930"]
[BlackElo "1788"]

1. e4 e5 2. Nf3 d6 3. d4 Bg4 4. dxe5 Bxf3 5. Qxf3 dxe5 6. Bc4 Nf6 7. Nc3 Qd4 8.
Qe2 Bb4 9. Bd2 O-O 10. O-O-O Bxc3 11. Bxc3 Qxe4 12. Bxe5 Qxe2 13. Bxe2 Nfd7 14.
Bxc7 Nb6 15. b3 N8d7 16. Bf3 Rac8 17. Bd6 Nc5 18. Bxf8 Kxf8 19. Rhe1 g6 20. b4
Nca4 21. Bxb7 Rc7 22. Rd8+ Kg7 23. Ba6 Nc3 24. a3 Rc6 25. b5 Rf6 26. f3 Nbd5 27.
Rd7 Nf4 28. g3 Ne6 29. Re3 Na4 30. Rxa7 Nb6 31. Bb7 Nc5 32. Re7 Rxf3 33. Bxf3
1-0

[Event "AUTO-OPEN-1450"]
[Site "http://www.queenalice.com/game.php?id=544086"]
[Date "2009.2.21"]
[Round "1"]
[White "Granger2009"]
[Black "crister"]
[Result "1-0"]
[WhiteElo "1917"]
[BlackElo "1805"]

1. d4 d5 2. Bg5 Nf6 3. f3 e6 4. e4 Be7 5. Bxf6 Bxf6 6. e5 Be7 7. Bd3 f6 8. f4
Nc6 9. Nf3 O-O 10. O-O f5 11. c3 b6 12. Nbd2 a5 13. h3 Ba6 14. Bxa6 Rxa6 15. Qe2
Ra8 16. Nh2 Na7 17. g4 fxg4 18. Nxg4 c5 19. Qg2 c4 20. Kh1 Qe8 21. Rg1 Qg6 22.
Qg3 Qh5 23. Rg2 Bh4 24. Qh2 Rf7 25. Rag1 Raf8 26. Nf3 Rxf4 27. Nxh4 Qxh4 28.
Nf6+ R8xf6 29. exf6 Qxf6 30. Rxg7+ 1-0

[Event "AUTO-OPEN-1450"]
[Site "http://www.queenalice.com/game.php?id=544087"]
[Date "2009.2.21"]
[Round "1"]
[White "crister"]
[Black "Granger2009"]
[Result "0-1"]
[WhiteElo "1793"]
[BlackElo "1929"]

1. e4 e5 2. Nf3 Nc6 3. Be2 Bc5 4. c3 Nf6 5. d3 d6 6. Bg5 h6 7. Bxf6 Qxf6 8. O-O
O-O 9. a3 a6 10. b4 Ba7 11. Nbd2 Be6 12. Nb3 Rfe8 13. Rb1 Ne7 14. Na5 Rab8 15.
c4 Bb6 16. Nb3 Ng6 17. c5 Bxb3 18. Qxb3 dxc5 19. bxc5 Bxc5 20. Qd5 Bb6 21. a4
Nf4 22. Qa2 Rbd8 23. Rbd1 Re7 24. g3 Nxe2+ 25. Qxe2 Red7 26. Ne1 c5 27. Qc2 Rd4
28. Qb3 c4 29. Qa2 cxd3 30. Nf3 Qxf3 0-1

[Event "AUTO-OPEN-1450"]
[Site "http://www.queenalice.com/game.php?id=544112"]
[Date "2009.2.21"]
[Round "1"]
[White "fracci"]
[Black "crister"]
[Result "1-0"]
[WhiteElo "2012"]
[BlackElo "1768"]

1. Nf3 d5 2. c4 d4 3. e3 c5 4. exd4 cxd4 5. d3 Nc6 6. a3 e5 7. b4 Nf6 8. Bg5 Be7
9. Nbd2 O-O 10. Be2 b6 11. b5 Na5 12. Nxe5 Qc7 13. f4 a6 14. bxa6 Bxa6 15. Ndf3
Nc6 16. O-O Ng4 17. Nxg4 Bxg5 18. fxg5 Qd6 19. Nh4 Bc8 20. Nf5 Bxf5 21. Rxf5 Qg6
22. Rb5 Ne7 23. Bf3 Rab8 24. Be4 Qd6 25. Qf3 Ng6 26. Qg3 Qe6 27. h4 f5 28. Bd5
1-0

[Event "AUTO-OPEN-1450"]
[Site "http://www.queenalice.com/game.php?id=544113"]
[Date "2009.2.21"]
[Round "1"]
[White "crister"]
[Black "fracci"]
[Result "0-1"]
[WhiteElo "1768"]
[BlackElo "1998"]

1. e4 e6 2. d4 d5 3. e5 c5 4. Bb5+ Nc6 5. Nf3 Qb6 6. Bxc6+ bxc6 7. c3 Ba6 8.
Nbd2 cxd4 9. cxd4 c5 10. Nb3 cxd4 11. Nfxd4 Bc4 12. Be3 Bb4+ 13. Bd2 Bxb3 14.
Qxb3 Bxd2+ 15. Kxd2 Qxd4+ 0-1

[Event "AUTO-OPEN-1450"]
[Site "http://www.queenalice.com/game.php?id=544128"]
[Date "2009.2.21"]
[Round "1"]
[White "Be0wulf"]
[Black "crister"]
[Result "1-0"]
[WhiteElo "1908"]
[BlackElo "1823"]

1. d4 d5 2. c4 Nf6 3. Nf3 e6 4. Nc3 Bb4 5. e3 Ne4 6. Qc2 O-O 7. Bd3 c5 8. O-O f5
9. a3 Bxc3 10. bxc3 b6 11. cxd5 exd5 12. c4 Bb7 13. Ne5 Nd7 14. f4 Ndf6 15. a4
a5 16. Rb1 Rb8 17. Qb3 Ba8 18. Rf3 Kh8 19. Rh3 cxd4 20. Ng6+ Kg8 21. Nxf8 Qxf8
22. Bxe4 dxe4 23. exd4 Kh8 24. Qb5 Qc8 25. Rg3 Bc6 26. Qb3 Qe8 27. Ra1 Ng4 28.
Bb2 e3 29. h3 e2 30. Bc3 Nf6 31. d5 Ba8 32. Be5 Nh5 33. Rg5 Rb7 34. Re1 h6 35.
Rxf5 Kh7 36. Rxe2 Re7 37. Qd3 g6 38. Rxh5 Bb7 39. f5 1-0

[Event "AUTO-OPEN-1450"]
[Site "http://www.queenalice.com/game.php?id=544129"]
[Date "2009.2.21"]
[Round "1"]
[White "crister"]
[Black "Be0wulf"]
[Result "1-0"]
[WhiteElo "1802"]
[BlackElo "1929"]

1. e4 c5 2. Nf3 d6 3. d4 cxd4 4. Nxd4 Nf6 5. Nc3 a6 6. Bd3 g6 7. O-O Bg7 8. Nb3
O-O 9. Nd5 Nc6 10. Nxf6+ Bxf6 11. c3 Bg7 12. Be3 Qc7 13. Qe2 b5 14. Nd4 Bb7 15.
Nxc6 Qxc6 16. Rac1 Rac8 17. Qg4 h5 18. Qe2 d5 19. f3 e6 20. Bd4 h4 21. e5 Qd7
22. Qf2 Qe7 23. f4 Bh6 24. Rcd1 Kh7 25. b3 Rg8 26. Be3 Rxc3 27. Bb1 h3 28. gxh3
Kh8 29. Qd2 b4 30. Qd4 g5 31. f5 a5 32. Bd2 Rxh3 33. f6 Qd8 34. Qa7 Bc6 35. Qxf7
Qb6+ 36. Rf2 Bf8 37. Qxe6 Bc5 38. Qxh3# 1-0

[Event "Challenge"]
[Site "http://www.queenalice.com/game.php?id=675269"]
[Date "2009.10.30"]
[Round "-"]
[White "crister"]
[Black "SalsaKing"]
[Result "0-1"]
[WhiteElo "1810"]
[BlackElo "1879"]

1. e4 e5 2. Nf3 d6 3. Be2 h6 4. O-O Nf6 5. d3 Nc6 6. c3 a6 7. Nbd2 Ng4 8. Nb3 d5
9. exd5 Qxd5 10. Ne1 Nf6 11. Be3 h5 12. Bg5 h4 13. Bf3 Qd6 14. Nd2 h3 15. Ne4
Nxe4 16. dxe4 Qg6 17. Be3 hxg2 18. Nxg2 Bd7 19. Qe2 Qh7 20. h4 Be7 21. Bh5 g6
22. f4 gxh5 23. f5 Rg8 24. Kh2 Qg7 25. Rg1 Qg3+ 26. Kh1 Qh3# 0-1